Gracie Abrams - Right now (Lyrics) - Statistics

General Stats
  • This quiz has been taken 242 times
  • The average score is 225 of 255
Answer Stats
Answer % Correct
I
100%
my
100%
a
99%
now
99%
now?
99%
right
99%
the
99%
do
98%
feel
98%
like
98%
me,
97%
me
97%
myself
97%
on
97%
On
97%
so
97%
at
96%
that
96%
That
96%
And
95%
and
95%
I'm
95%
I'm
95%
Look
95%
look
95%
be
94%
can't
94%
homesick
94%
past
94%
ground
93%
in
93%
is
93%
Left
93%
left
93%
Think
93%
but
92%
down
92%
high,
92%
it
92%
It
92%
life
92%
more
92%
alive
91%
mom
90%
door
89%
somehow
89%
Of
88%
of
88%
phone
88%
This
88%
this
88%
bus
86%
Every
86%
every
86%
never
86%
Never
86%
floor
85%
kitchen
85%
light
85%
brother
84%
dog
84%
still
84%
broken
83%
overhearing
83%
What
83%
From
82%
from
82%
little
82%
if
81%
was
81%
day
80%
faint
80%
leaving
80%
might
80%
Want
80%
All
79%
friendship
79%
here
79%
Thinks
79%
wrong?
79%
fridge
78%
ended
77%
family
77%
for
77%
remind
77%
work
77%
been
76%
'Cause
76%
street
76%
before
74%
best
74%
hometown
74%
introverted
74%
losing
74%
though
74%
upset
74%
bedroom
73%
gone?
73%
It's
73%
know
73%
they
73%
makes
72%
somebody's
72%
tired,
72%
would
72%
curse
71%
minute
71%
sign
71%
walls
71%
frozen
70%
hoping
70%
People
70%
shouldn't
70%
Through
70%
We're
70%
drive
69%
lake
69%
meant
69%
short
69%
Things
69%
will
69%
24/7
68%
Am
68%
sit
68%
collectively
67%
sure
67%
hurt
66%
making
66%
really
66%
shocks
66%
worse
66%
Writing
66%
thought
65%
ocean
64%
Messed
63%
spelling,
63%
far
62%
Pretty
58%
Which
57%
No matching quizzes found
Score Distribution
Percent of People with Each Score
Percentile by Number Answered
Your Score History
You have not taken this quiz